Sociologie politique de la menace et du risque (notice n° 1925439)
[ vue normale ]
| 000 -LEADER | |
|---|---|
| fixed length control field | 01518cam a2200133 4500500 |
| 005 - DATE AND TIME OF LATEST TRANSACTION | |
| control field | 20260329023210.0 |
| 041 ## - LANGUAGE CODE | |
| Language code of text/sound track or separate title | fre |
| 042 ## - AUTHENTICATION CODE | |
| Authentication code | dc |
| 100 10 - MAIN ENTRY--PERSONAL NAME | |
| Personal name | Milet, Marc |
| Relator term | author |
| 245 00 - TITLE STATEMENT | |
| Title | Sociologie politique de la menace et du risque |
| 260 ## - PUBLICATION, DISTRIBUTION, ETC. | |
| Name of publisher, distributor, etc. | Armand Colin,<br/> |
| Date of publication, distribution, etc. | 2022.<br/> |
| 520 ## - SUMMARY, ETC. | |
| Summary, etc. | Le moment historique de la pandémie de coronavirus a indéniablement placé la gestion publique des crises au centre des agendas politiques mondiaux. Si la question de la gestion des crises par les pouvoirs publics n'est pas nouvelle, la mutation des menaces intentionnelles comme le terrorisme, et l'avènement de nouveaux risques (technologiques ou sanitaires) viennent cependant renouveler leur analyse. Cet ouvrage présente, de manière syncrétique, les grands auteurs, modèles analytiques et approches permettant d'appréhender ces phénomènes dans nos sociétés contemporaines. Quels sont les usages politiques du risque dans le cadre de la compétition politique, de la gestion publique ? Quelles conséquences les menaces et les risques ont-ils sur les résultats électoraux ? Quel est le rôle des acteurs de la société civile dans la construction des risques (le cadre des mobilisations collectives) ? Un ouvrage assorti de nombreuses études de cas (menace terroriste, affaire du sang contaminé, rôle de l’OMS dans la gestion de la crise du coronavirus, etc.). |
| 856 41 - ELECTRONIC LOCATION AND ACCESS | |
| Uniform Resource Identifier | <a href="https://shs.cairn.info/sociologie-politique-de-la-menace-et-du-risque--9782200629892?lang=fr&redirect-ssocas=7080">https://shs.cairn.info/sociologie-politique-de-la-menace-et-du-risque--9782200629892?lang=fr&redirect-ssocas=7080</a> |
Pas d'exemplaire disponible.




Réseaux sociaux